1307 1782 1287 1454 1626 1678 1892 1448 1930 1999 1495 1841 1377 1708 1689 1595 1893 1599 1965 1720 1248 1796 1625 1190 1245 1808 1461 1629 1780 1935 1252 1465 1906 1325 1117 1461 1441 1505 1500 1620 1886 1486 1075 1185 1450 1325 1650 1847 1854 1425 1215 1336 1142 1723 1538 1387 1770 1770 1988 1701 1074 1140 1816 1279 1158 1640 1590 1030 1818 1374 1095 1778 1635 1711 1502 1060 1438 1300 1188 1922 1284 1721 1537 1607 1505 1710 1744 1466 1035 1001 1588 1113 1263 1279 1994 1798 1763 1153 1270 BCNSPRNW ULIB Ver.6.0+V

เปลี่ยนเป็นภาษาไทย

Change to English
 แสดงรายละเอียดบรรณานุกรม
  กลับหน้าหลัก

Brief Record : Get Marc (ISO 2709) : E-mail record : QR code < ปิดหน้าต่าง
LEADER : 00000nam 2200000uu 4500
001    13399127095
003     ULIB
008    191010s2558||||th 000 0 tha d
020    ^a9786162276026
060    ^aWS103^bต-ย
100    ^aตุ๊บป่อง
245    ^aยายกะตา นิทานเล่มที่ 100 เรื่องที่รักของตุ๊บปอง
250    ^aพิมพ์ครั้งที่ 1
260    ^aกรุงเทพฯ :^bบริษัท แปลน ฟอร์ คิดส์ จำกัด,^c2558
300    ^a35 หน้า;^b21 ซม.
650    ^aเด็ก^xการเรียนการสอน
945    ^p115^l0^i006283
999    ^aประนอม เกษจรัล
รายการนี้ยังไม่มีแท็ก
คุณยังไม่ได้ล็อกอิน คุณสามารถมีกิจกรรมร่วมกับเว็บไซต์ได้ แต่ต้องล็อกอินก่อน ::
  ล็อกอิน

รายการสื่อสารสนเทศ

ลำดับที่ ประเภท เลขเรียก/บาร์โค้ด สถานที่ สถานะ
1. วิทยาศาสตร์การแพทย์ และสุขภาพ
วิทยาศาสตร์การแพทย์ และสุขภาพ
WS103 ต-ย ฉ.1 
  Barcode: 006283
ห้องสมุดวิทยาเขตสวรรค์ประชารักษ์
►หนังสือทั่วไป
ถูกยืม กำหนดส่งวันที่ 27 ธันวาคม 2564
  จอง

รายการใกล้เคียง
    ผู้แต่ง [ตุ๊บป่อง]

BibComment


ยังไม่เคยถูกคอมเมนท์

คอมเมนท์ทรัพยากรรายการนี้
  คอมเมนท์: ยายกะตา นิทานเล่..


 Copyright 2026. Bcnsprnw @Library